Подробности
| 000 -МАРКЕР |
| контрольное поле |
01462nam0a22003251 4500 |
| 001 - ИДЕНТИФИКАТОР ЗАПИСИ |
| контрольное поле |
v19\rc\1660932 |
| 005 - ИДЕНТИФИКАТОР ВЕРСИИ |
| контрольное поле |
20260406160956.0 |
| 035 ## - ДРУГИЕ СИСТЕМНЫЕ НОМЕРА |
| Идентификатор записи |
(NLR Aleph) 005242114 |
| 100 ## - ДАННЫЕ ОБЩЕЙ ОБРАБОТКИ |
| Данные общей обработки |
20061002d1891 |||y0rusy50 ca |
| 101 0# - ЯЗЫК РЕСУРСА |
| Язык текста, звукозаписи и т.д. |
русский |
| 102 ## - СТРАНА ПУБЛИКАЦИИ ИЛИ ПРОИЗВОДСТВА |
| Страна публикации |
российская федерация |
| 105 ## - ПОЛЕ КОДИРОВАННЫХ ДАННЫХ: ТЕКСТОВЫЕ МАТЕРИАЛЫ, МОНОГРАФИЧЕСКИЕ |
| Кодированные данные о монографическом текстовом документе |
c r |||cb |
| 200 1# - ЗАГЛАВИЕ И СВЕДЕНИЯ ОБ ОТВЕТСТВЕННОСТИ |
| Основное заглавие |
Ж. Мольер |
| Сведения, относящиеся к заглавию |
Его жизнь и лит. деятельность |
| -- |
Биогр. очерк М.В. Барро |
| Первые сведения об ответственности |
С портр. Мольера, грав. в Лейпциге Геданом |
| 210 ## - ПУБЛИКАЦИЯ, РАСПРОСТРАНЕНИЕ И ДР. |
| Место издания, распространения и т.д. |
Санкт-Петербург |
| Имя издателя, распространителя и т. д. |
тип. И.Г. Салова |
| Дата издания, распространения и т.д. |
1891 |
| 215 ## - ФИЗИЧЕСКАЯ ХАРАКТЕРИСТИКА |
| Специфическое обозначение материала и объем |
79 с., 1 л. портр. |
| Размеры |
18 |
| 225 1# - СЕРИЯ |
| Основное заглавие серии |
Жизнь замечательных людей. Биографическая библиотека Флорентия Павленкова |
| 320 ## - ПРИМЕЧАНИЯ О НАЛИЧИИ В ДОКУМЕНТЕ БИБЛИОГРАФИИ / УКАЗАТЕЛЯ |
| Текст примечания |
Библиогр.: 16 назв. |
| 532 10 - РАСШИРЕННОЕ ЗАГЛАВИЕ |
| Заглавие |
Жан Мольер |
| 700 #1 - ИМЯ ЛИЦА - ПЕРВИЧНАЯ ОТВЕТСТВЕННОСТЬ |
| Графика поля |
Кириллица |
| Материалы, к которым относится поле |
rus |
| Начальный элемент ввода |
Барро |
| Часть имени, кроме начального элемента ввода |
М. В. |
| Расширение инициалов личного имени |
Михаил Владиславович |
| Системный номер авторитетной/нормативной записи |
266201 |
| Идентификатор авторитетной/нормативной записи |
RU\NLR\AUTH\770266257 |
| 702 #1 - ИМЯ ЛИЦА - ВТОРИЧНАЯ ОТВЕТСТВЕННОСТЬ |
| Код отношения |
Иллюстратор |
| Материалы, к которым относится поле |
rus |
| Графика поля |
Кириллица |
| Начальный элемент ввода |
Гедан |
| Часть имени, кроме начального элемента ввода |
Г. |
| Дополнения к именам, кроме дат |
гравер |
| Даты |
19 в. |
| Расширение инициалов личного имени |
Герман |
| Идентификатор авторитетной/нормативной записи |
RU\NLR\AUTH\7775843 |
| Системный номер авторитетной/нормативной записи |
58771 |
| 702 #1 - ИМЯ ЛИЦА - ВТОРИЧНАЯ ОТВЕТСТВЕННОСТЬ |
| Код отношения |
Прочие |
| Графика поля |
Кириллица |
| Материалы, к которым относится поле |
rus |
| Начальный элемент ввода |
Мольер |
| Часть имени, кроме начального элемента ввода |
Ж. Б. |
| Даты |
1622-1673 |
| Расширение инициалов личного имени |
Жан Батист |
| Идентификатор авторитетной/нормативной записи |
RU\NLR\AUTH\778615 |
| Системный номер авторитетной/нормативной записи |
118517 |
| 801 #2 - ИСТОЧНИК ЗАПИСИ |
| Страна |
российская федерация |
| Организация |
NLR |
| Дата составления |
20070425 |
| Источник данных |
rusmarc |
| 801 #0 - ИСТОЧНИК ЗАПИСИ |
| Страна |
российская федерация |
| Организация |
NLR |
| Дата составления |
20061002 |
| Правила каталогизации |
psbo |
| 801 #0 - ИСТОЧНИК ЗАПИСИ |
| Страна |
российская федерация |
| Организация |
RuMoRGB |
| Дата составления |
20061002 |
| Источник данных |
psbo |
| 801 #1 - ИСТОЧНИК ЗАПИСИ |
| Страна |
российская федерация |
| Организация |
ProSoft-M |
| Дата составления |
20061002 |
| Источник данных |
rusmarc |
| 852 ## - МЕСТОНАХОЖДЕНИЕ И ШИФР ХРАНЕНИЯ |
| Идентификатор организации |
NLR |
| Шифр хранения (Call Number) |
18.16.8.42 |
| 942 ## - ДОПОЛНИТЕЛЬНЫЕ ЭЛЕМЕНТЫ ЗАПИСИ (АБИС) |
| Тип экземпляра АБИС |
Книга |
| 980 ## - КОЛЛЕКЦИЯ |
| Название коллекции |
Национальная библиография |